Football - Meilleur buteur de Coupe du monde - Statistiques

Statistiques générales
  • Ce quiz a été pris 157 fois
  • Le résultat moyen est 8 sur 15
Statistiques - réponses
Top Pays Club But Joueur % Correct
4 Argentine FC Barcelone 13 Lionel Messi
95%
2 Brésil Real Madrid 15 Ronaldo Nazario
94%
6 France Paris Saint-Germain, Real Madrid 12 Kylian Mbappe
92%
3 Allemagne Bayern Munich 14 Gerd Müller
90%
10 Allemagne Bayern Munich 10 Thomas Müller
89%
1 Allemagne Bayern Munich, Lazio Rome 16 Miroslav Klöse
83%
6 Brésil Santos FC 12 Pelé
82%
4 France Stade de Reims 13 Just Fontaine
76%
10 Argentine ACF Fiorentina 10 Gabriel Batistuta
34%
10 Angleterre Leicester City, Tottenham Hotspurs 10 Gary Lineker
19%
8 Allemagne VfB Stuttgart, Inter Milan 11 Jürgen Klinsmann
8%
8 Hongrie Kispesti Honvéd, FC Barcelone 11 Sándor Kocsis
8%
10 Pologne Stal Mielec 10 Grzegorz Lato
5%
10 Perou Alianza Lima 10 Teófilo Cubillas
5%
10 Allemagne Rot-Weiss Essen 10 Helmut Rahn
2%
Aucun quiz correspondant
Distribution des résultats
% des personnes avec chaque résultat
Percentile par nombre de réponses
Votre historique - résultats
Vous n’avez pas pris ce quiz